LEADER 01436nam a2200325 a 4500 001 000000129314 003 CaOOAMICUS 005 20120615110456.0 008 120615s2012 it bf u000 u ita r 020 $a978-88-348-9683-9 040 $aPUL$bita 082 04$a340.1 100 1 $aRuschi, Filippo.$0(OLS)http://pul/name/82785 245 10$aQuestioni di spazio :$bla terra, il mare, il diritto secondo Carl Schmitt /$cFilippo Ruschi. 260 $aTorino :$bG. Giappichelli,$cİ2012. 300 $aVIII, 333 p., [3] c. di tav. :$bc. geogr., ill. ;$c23 cm 490 1 $aEthos/Nomos ;$v02 504 $aBibliografia p. [305]-333. 600 14$aSchmitt, Carl,$c1888-1985$xFilosofia del diritto.$0(OLS)http://pul/subject/38744 650 4$aFilosofia del diritto.$0(OLS)http://pul/subject/620 830 0$aEthos/Nomos ;$v02.$0(OLS)http://pul/title/162150 850 $aPUL 852 $aPUL$W1$xSL Diritto e Scienze Sociali 3$y79$m340. 1 RUSFI 1$j149763$qDDC 21$B148280$CPULBib$Z2$F148280 $H120118 $82 941 1 $a9 960 $aDiritto$xFilosofia$9620 996 $6020$a978-88-348-9683-9$9(OLS)http://pul/number/150018 996 $6082$a340.1$9(OLS)http://pul/classification/476 996 $6245$aQuestioni di spazio :$bla terra, il mare, il diritto secondo Carl Schmitt$9(OLS)http://pul/title/163412 996 $6260$aTorino :$bG. Giappichelli$9(OLS)http://pul/publisher/49130 LEADER 01443nam a2200313 u 4500 001 000000118427 003 CaOOAMICUS 005 20091130091854.0 008 091130t2007 it u000 u ita u 020 $a978-88-420-8411-2 040 $aPUL$bita$dReb 041 1 $aita$hlat$heng 100 1 $aLocke, John,$d1632-1704.$0(OLS)http://pul/name/8515 245 10$aSaggi sulla legge naturale /$cJohn Locke ; a cura di Marta Cristiani ; introduzione di Giuseppe Bedeschi. 260 $aRoma :$bLaterza,$c2007. 300 $a93 p. ;$c21 cm 490 1 $aEconomica Laterza ;$v446 650 4$aFilosofia politica.$0(OLS)http://pul/subject/155 700 1 $aCristiani, Marta.$0(OLS)http://pul/name/7554 700 1 $aBedeschi, Giuseppe,$d1939-$0(OLS)http://pul/name/10931 700 1 $aLocke, John,$d1632-1704.$tEssays on the law of nature$lItaliano$xSaggi.$0(OLS)http://pul/nameTitle/1068$0(OLS)http://pul/name/8515$0(OLS)http://pul/title/149037 830 0$aEconomica Laterza ;$v446.$0(OLS)http://pul/title/39309 850 $aPUL 852 $aPUL$W1$xSL Filosofia 3$y81$m171. 2 LOCJO 1$j135864$qDDC 21$B134856$CPULBib$Z2$F134856 $H111736 $82 941 1 $a9 960 $aFilosofia della politica$9155 996 $6020$a978-88-420-8411-2$9(OLS)http://pul/number/142579 996 $6245$aSaggi sulla legge naturale$9(OLS)http://pul/title/77209 996 $6260$aRoma :$bLaterza$9(OLS)http://pul/publisher/47864